[Event "ABC 2024 Utrecht, Groep B"]
[Site "Utrecht"]
[Date "2024.03.09"]
[Round "4.12"]
[White "Gohil, Viaan"]
[Black "Frederiks, Jesse"]
[Result "0-1"]
[WhiteElo "1777"]
[BlackElo "1893"]

1. e4 {[%clk 00:54:38]} {[%emt 00:00:41]} Nf6 {[%clk 00:55:18]} {[%emt
00:00:02]} 2. e5 {[%clk 00:54:03]} {[%emt 00:00:45]} Nd5 {[%clk 00:55:26]}
{[%emt 00:00:02]} 3. c4 {[%clk 00:53:18]} {[%emt 00:00:55]} Nb6 {[%clk
00:55:35]} {[%emt 00:00:02]} 4. d4 {[%clk 00:53:01]} {[%emt 00:00:26]} d6
{[%clk 00:55:40]} {[%emt 00:00:05]} 5. exd6 {[%clk 00:52:07]} {[%emt 00:01:03]}
cxd6 {[%clk 00:55:42]} {[%emt 00:00:09]} 6. Nc3 {[%clk 00:51:55]} {[%emt
00:00:21]} g6 {[%clk 00:55:26]} {[%emt 00:00:27]} 7. Nf3 {[%clk 00:51:32]}
{[%emt 00:00:33]} Bg7 {[%clk 00:55:30]} {[%emt 00:00:06]} 8. Be2 {[%clk
00:48:46]} {[%emt 00:02:57]} O-O {[%clk 00:55:04]} {[%emt 00:00:36]} 9. O-O
{[%clk 00:48:30]} {[%emt 00:00:25]} Nc6 {[%clk 00:54:31]} {[%emt 00:00:44]} 10.
Be3 {[%clk 00:47:42]} {[%emt 00:00:56]} Bf5 {[%clk 00:46:32]} {[%emt 00:08:10]}
11. Qd2 {[%clk 00:43:18]} {[%emt 00:04:30]} Qc8 {[%clk 00:43:30]} {[%emt
00:03:17]} 12. b3 {[%clk 00:37:46]} {[%emt 00:05:42]} Rd8 {[%clk 00:40:31]}
{[%emt 00:03:08]} 13. Bd3 {[%clk 00:34:20]} {[%emt 00:03:36]} Bxd3 {[%clk
00:40:11]} {[%emt 00:00:30]} 14. Qxd3 {[%clk 00:34:04]} {[%emt 00:00:26]} e5
{[%clk 00:39:37]} {[%emt 00:00:44]} 15. Rac1 {[%clk 00:32:44]} {[%emt
00:01:28]} f5 {[%clk 00:36:53]} {[%emt 00:02:56]} 16. dxe5 {[%clk 00:27:45]}
{[%emt 00:05:09]} dxe5 {[%clk 00:36:51]} {[%emt 00:00:12]} 17. Qe2 {[%clk
00:26:19]} {[%emt 00:01:35]} Nd4 {[%clk 00:31:43]} {[%emt 00:05:19]} 18. Bxd4
{[%clk 00:25:38]} {[%emt 00:00:51]} exd4 {[%clk 00:31:21]} {[%emt 00:00:33]} 19.
Nd5 {[%clk 00:24:39]} {[%emt 00:01:08]} Nxd5 {[%clk 00:31:10]} {[%emt
00:00:21]} 20. cxd5 {[%clk 00:24:35]} {[%emt 00:00:14]} Qd7 {[%clk 00:30:46]}
{[%emt 00:00:34]} 21. Ng5 {[%clk 00:20:39]} {[%emt 00:03:59]} Qxd5 {[%clk
00:28:27]} {[%emt 00:02:36]} 22. Qe6+ {[%clk 00:20:09]} {[%emt 00:00:40]} Qxe6
{[%clk 00:28:12]} {[%emt 00:00:25]} 23. Nxe6 {[%clk 00:20:10]} {[%emt
00:00:09]} Rd7 {[%clk 00:28:07]} {[%emt 00:00:14]} 24. Rfd1 {[%clk 00:18:49]}
{[%emt 00:01:33]} Re8 {[%clk 00:26:30]} {[%emt 00:01:46]} 25. Rc7 {[%clk
00:14:42]} {[%emt 00:04:16]} Rxc7 {[%clk 00:26:09]} {[%emt 00:00:33]} 26. Nxc7
{[%clk 00:14:41]} {[%emt 00:00:11]} Rd8 {[%emt 00:00:39]} 27. Ne6 {[%clk
00:14:43]} Rd6 {[%clk 00:25:10]} {[%emt 00:00:46]} 28. Ng5 {[%clk 00:13:44]}
{[%emt 00:01:09]} Ra6 {[%clk 00:21:02]} {[%emt 00:04:20]} 29. Rd2 {[%clk
00:13:34]} {[%emt 00:00:18]} Bh6 {[%clk 00:20:48]} {[%emt 00:00:25]} 30. f4
{[%clk 00:12:56]} {[%emt 00:00:46]} Bxg5 {[%clk 00:20:43]} {[%emt 00:00:18]} 31.
fxg5 {[%clk 00:12:47]} {[%emt 00:00:19]} Rd6 {[%clk 00:20:49]} {[%emt
00:00:04]} 32. Kf2 {[%clk 00:12:41]} {[%emt 00:00:15]} Kf7 {[%clk 00:20:50]}
{[%emt 00:00:09]} 33. Ke2 {[%clk 00:12:23]} {[%emt 00:00:28]} Rd7 {[%clk
00:19:01]} {[%emt 00:01:59]} 34. Kd3 {[%clk 00:10:58]} {[%emt 00:01:35]} Ke6
{[%clk 00:16:50]} {[%emt 00:02:21]} 35. Re2+ {[%clk 00:10:29]} {[%emt
00:00:39]} Kd5 {[%clk 00:16:25]} {[%emt 00:00:35]} 36. Rc2 {[%clk 00:10:16]}
{[%emt 00:00:24]} Re7 {[%clk 00:15:45]} {[%emt 00:00:49]} 37. Rc8 {[%clk
00:09:14]} {[%emt 00:01:12]} Re3+ {[%clk 00:15:40]} {[%emt 00:00:15]} 38. Kd2
{[%clk 00:09:17]} {[%emt 00:00:07]} Ke4 {[%clk 00:15:13]} {[%emt 00:00:37]} 39.
Re8+ {[%clk 00:08:19]} {[%emt 00:01:09]} Kf4 {[%clk 00:15:04]} {[%emt
00:00:19]} 40. Rd8 {[%emt 00:00:37]} Kxg5 {[%clk 00:14:07]} {[%emt 00:01:05]}
41. Rxd4 {[%clk 00:07:51]} {[%emt 00:00:12]} Re7 {[%clk 00:14:09]} {[%emt
00:00:09]} 42. g3 {[%clk 00:07:32]} {[%emt 00:00:28]} Kf6 {[%clk 00:13:41]}
{[%emt 00:00:38]} 43. Rd6+ {[%clk 00:07:30]} {[%emt 00:00:12]} Kf7 {[%clk
00:13:05]} {[%emt 00:00:45]} 44. Kd3 {[%clk 00:07:02]} {[%emt 00:00:40]} Ke8
{[%clk 00:13:05]} {[%emt 00:00:10]} 45. Rd4 {[%clk 00:05:03]} {[%emt 00:02:09]}
Rd7 {[%clk 00:12:56]} {[%emt 00:00:19]} 46. Ke3 {[%clk 00:04:36]} {[%emt
00:00:36]} Rxd4 {[%clk 00:12:46]} {[%emt 00:00:21]} 47. Kxd4 {[%clk 00:04:44]}
{[%emt 00:00:02]} Kd8 {[%clk 00:12:16]} {[%emt 00:00:39]} 48. b4 {[%clk
00:04:27]} {[%emt 00:00:28]} Kc7 {[%clk 00:11:22]} {[%emt 00:01:03]} 49. Kd5
{[%clk 00:03:57]} {[%emt 00:00:40]} Kb6 {[%clk 00:10:18]} {[%emt 00:01:10]} 50.
a4 {[%emt 00:00:57]} a5 {[%clk 00:09:47]} 51. b5 {[%clk 00:03:57]} {[%emt
00:00:08]} Kc7 {[%clk 00:09:53]} {[%emt 00:00:05]} 52. Ke6 {[%clk 00:03:56]}
{[%emt 00:00:10]} b6 {[%clk 00:09:29]} {[%emt 00:00:35]} 53. h3 {[%clk
00:03:44]} {[%emt 00:00:21]} Kd8 {[%clk 00:09:24]} {[%emt 00:00:15]} 54. Kf6
{[%clk 00:03:07]} {[%emt 00:00:48]} Kd7 {[%clk 00:09:22]} {[%emt 00:00:12]} 55.
h4 {[%clk 00:03:05]} {[%emt 00:00:11]} Kd6 {[%clk 00:09:05]} {[%emt 00:00:28]}
56. Kg7 {[%clk 00:02:57]} {[%emt 00:00:17]} Ke6 {[%clk 00:07:44]} {[%emt
00:01:29]} 57. Kxh7 {[%clk 00:02:34]} {[%emt 00:00:35]} Kf7 {[%clk 00:07:29]}
{[%emt 00:00:23]} 58. Kh6 {[%clk 00:02:42]} {[%emt 00:00:05]} Kf6 {[%clk
00:07:33]} {[%emt 00:00:05]} 59. h5 {[%clk 00:02:42]} {[%emt 00:00:10]} g5
{[%clk 00:07:04]} {[%emt 00:00:40]} 60. Kh7 {[%clk 00:02:47]} {[%emt 00:00:04]}
Kf7 {[%clk 00:07:06]} {[%emt 00:00:09]} 61. h6 {[%clk 00:02:35]} {[%emt
00:00:22]} f4 {[%clk 00:07:09]} {[%emt 00:00:06]} 62. gxf4 {[%clk 00:02:35]}
{[%emt 00:00:10]} g4 {[%clk 00:06:58]} {[%emt 00:00:21]} 63. f5 {[%clk
00:02:36]} {[%emt 00:00:09]} g3 {[%clk 00:07:05]} {[%emt 00:00:04]} 64. f6
{[%clk 00:02:44]} g2 {[%clk 00:07:10]} {[%emt 00:00:05]} 65. Kh8 {[%clk
00:02:52]} {[%emt 00:00:02]} g1=Q {[%clk 00:07:11]} {[%emt 00:00:09]} 66. h7
{[%clk 00:02:57]} {[%emt 00:00:05]} Kf8 {[%clk 00:07:04]} {[%emt 00:00:18]} 67.
f7 {[%clk 00:03:03]} {[%emt 00:00:04]} Qg7 {[%clk 00:07:09]} {[%emt 00:00:04]}
0-1

[Event "ABC 2024 Utrecht, Groep B"]
[Site "Utrecht"]
[Date "2024.03.10"]
[Round "5.1"]
[White "Kshirsagar, Pranav"]
[Black "Guillaumond, Matthieu"]
[Result "1-0"]
[WhiteElo "1956"]
[BlackElo "1948"]

1. d4 {[%clk 00:55:19]} Nf6 {[%clk 00:55:16]} {[%emt 00:00:05]} 2. c4 {[%clk
00:55:24]} {[%emt 00:00:05]} g6 {[%clk 00:55:16]} {[%emt 00:00:10]} 3. Nc3
{[%clk 00:55:30]} {[%emt 00:00:04]} Bg7 {[%clk 00:55:22]} {[%emt 00:00:04]} 4.
e4 {[%clk 00:55:33]} {[%emt 00:00:07]} d6 {[%clk 00:55:29]} {[%emt 00:00:03]} 5.
Nf3 {[%clk 00:55:38]} {[%emt 00:00:04]} O-O {[%clk 00:55:35]} {[%emt 00:00:04]}
6. Be2 {[%clk 00:55:45]} {[%emt 00:00:04]} e5 {[%clk 00:55:42]} {[%emt
00:00:04]} 7. d5 {[%clk 00:55:39]} {[%emt 00:00:15]} Na6 {[%clk 00:55:40]}
{[%emt 00:00:12]} 8. O-O {[%clk 00:55:37]} {[%emt 00:00:12]} Nc5 {[%clk
00:55:44]} {[%emt 00:00:06]} 9. Qc2 {[%clk 00:55:36]} {[%emt 00:00:11]} a5
{[%clk 00:55:46]} {[%emt 00:00:08]} 10. Be3 {[%clk 00:55:17]} {[%emt 00:00:29]}
Ne8 {[%clk 00:55:30]} {[%emt 00:00:26]} 11. Nd2 {[%clk 00:49:49]} {[%emt
00:05:38]} f5 {[%clk 00:54:09]} {[%emt 00:01:30]} 12. f3 {[%clk 00:49:30]}
{[%emt 00:00:30]} f4 {[%clk 00:50:23]} {[%emt 00:03:56]} 13. Bf2 {[%clk
00:49:32]} {[%emt 00:00:08]} g5 {[%clk 00:49:50]} {[%emt 00:00:43]} 14. h3
{[%clk 00:42:42]} {[%emt 00:07:00]} h5 {[%clk 00:48:27]} {[%emt 00:01:33]} 15.
Kh2 {[%clk 00:40:30]} {[%emt 00:02:22]} Nf6 {[%clk 00:45:13]} {[%emt 00:03:24]}
16. Rh1 {[%clk 00:38:43]} {[%emt 00:01:57]} g4 {[%clk 00:38:59]} {[%emt
00:06:24]} 17. hxg4 {[%clk 00:38:28]} {[%emt 00:00:24]} hxg4 {[%clk 00:39:00]}
{[%emt 00:00:10]} 18. fxg4 {[%clk 00:38:29]} {[%emt 00:00:09]} Nxg4+ {[%clk
00:36:45]} {[%emt 00:02:25]} 19. Bxg4 {[%clk 00:37:14]} {[%emt 00:01:25]} Bxg4
{[%clk 00:36:54]} 20. Nf3 {[%clk 00:36:36]} {[%emt 00:00:47]} Bf6 {[%clk
00:35:32]} {[%emt 00:01:30]} 21. Kg1 {[%clk 00:35:50]} {[%emt 00:00:59]} Kg7
{[%clk 00:33:44]} {[%emt 00:01:59]} 22. Kf1 {[%clk 00:34:47]} {[%emt 00:01:13]}
Rh8 {[%clk 00:32:01]} {[%emt 00:01:52]} 23. Ke2 {[%clk 00:34:52]} {[%emt
00:00:05]} Bh4 {[%clk 00:31:23]} {[%emt 00:00:48]} 24. Rag1 {[%clk 00:25:12]}
{[%emt 00:09:49]} Bg3 {[%clk 00:25:26]} {[%emt 00:06:08]} 25. Nd1 {[%clk
00:19:04]} {[%emt 00:06:18]} Qf6 {[%clk 00:21:46]} {[%emt 00:03:50]} 26. Bxc5
{[%clk 00:16:16]} {[%emt 00:02:57]} dxc5 {[%clk 00:21:03]} {[%emt 00:00:54]} 27.
Nf2 {[%clk 00:15:58]} {[%emt 00:00:28]} Bxf2 {[%clk 00:17:52]} {[%emt
00:03:21]} 28. Kxf2 {[%clk 00:15:45]} {[%emt 00:00:23]} Rxh1 {[%clk 00:17:47]}
{[%emt 00:00:15]} 29. Rxh1 {[%clk 00:15:45]} {[%emt 00:00:10]} Bxf3 {[%clk
00:17:50]} {[%emt 00:00:07]} 30. gxf3 {[%clk 00:14:41]} {[%emt 00:01:15]} Rh8
{[%clk 00:14:44]} {[%emt 00:03:14]} 31. Rxh8 {[%clk 00:14:36]} {[%emt
00:00:16]} Kxh8 {[%clk 00:14:52]} {[%emt 00:00:02]} 32. Ke2 {[%clk 00:13:13]}
{[%emt 00:01:32]} b6 {[%clk 00:13:10]} {[%emt 00:01:53]} 33. Qa4 {[%clk
00:12:33]} {[%emt 00:00:49]} Qe7 {[%clk 00:12:19]} {[%emt 00:01:01]} 34. Qc6
{[%clk 00:12:17]} {[%emt 00:00:26]} Kg7 {[%clk 00:12:01]} {[%emt 00:00:29]} 35.
Kd3 {[%clk 00:12:04]} {[%emt 00:00:22]} Kh7 {[%clk 00:09:59]} {[%emt 00:02:11]}
36. Kc3 {[%clk 00:12:06]} {[%emt 00:00:11]} Kg7 {[%clk 00:08:07]} {[%emt
00:02:01]} 37. Kb3 {[%clk 00:11:57]} {[%emt 00:00:19]} Kf7 {[%clk 00:08:10]}
{[%emt 00:00:07]} 38. Ka4 {[%clk 00:12:00]} {[%emt 00:00:07]} Qe8 {[%clk
00:08:02]} {[%emt 00:00:17]} 39. Kb5 {[%clk 00:11:55]} {[%emt 00:00:16]} Qb8
{[%clk 00:07:18]} {[%emt 00:00:54]} 40. Qe6+ {[%clk 00:11:34]} {[%emt
00:00:31]} Kf8 {[%clk 00:07:12]} {[%emt 00:00:15]} 41. Kc6 {[%clk 00:10:54]}
{[%emt 00:00:51]} b5 {[%clk 00:05:54]} {[%emt 00:01:29]} 42. Qxe5 {[%clk
00:09:28]} {[%emt 00:01:36]} Qb6+ {[%clk 00:05:44]} {[%emt 00:00:20]} 43. Kd7
{[%clk 00:09:37]} bxc4 {[%clk 00:05:52]} {[%emt 00:00:01]} 44. Qe7+ {[%clk
00:09:25]} {[%emt 00:00:22]} Kg8 {[%clk 00:05:43]} {[%emt 00:00:18]} 45. Qe6+
{[%clk 00:09:30]} {[%emt 00:00:06]} 1-0

[Event "ABC 2024 Utrecht, Groep B"]
[Site "Utrecht"]
[Date "2024.03.10"]
[Round "5.2"]
[White "Leenen, Boyd"]
[Black "De Wit, Evan"]
[Result "1/2-1/2"]
[WhiteElo "1852"]
[BlackElo "1892"]

1. d4 {[%clk 00:55:18]} {[%emt 00:00:02]} Nf6 {[%clk 00:55:16]} {[%emt
00:00:04]} 2. c4 {[%clk 00:55:20]} {[%emt 00:00:08]} e6 {[%clk 00:55:19]}
{[%emt 00:00:06]} 3. Nc3 {[%clk 00:55:19]} {[%emt 00:00:11]} Bb4 {[%clk
00:55:23]} {[%emt 00:00:06]} 4. e3 {[%clk 00:55:13]} {[%emt 00:00:16]} O-O
{[%clk 00:55:21]} {[%emt 00:00:11]} 5. Bd3 {[%clk 00:55:11]} {[%emt 00:00:13]}
c5 {[%clk 00:55:06]} {[%emt 00:00:26]} 6. Nf3 {[%clk 00:55:10]} {[%emt
00:00:09]} Nc6 {[%clk 00:55:01]} {[%emt 00:00:16]} 7. a3 {[%clk 00:55:11]}
{[%emt 00:00:10]} Bxc3+ {[%clk 00:55:06]} {[%emt 00:00:05]} 8. bxc3 {[%clk
00:55:13]} {[%emt 00:00:08]} d6 {[%clk 00:55:07]} {[%emt 00:00:08]} 9. O-O
{[%clk 00:51:09]} {[%emt 00:04:14]} e5 {[%clk 00:55:06]} {[%emt 00:00:12]} 10.
Be2 {[%clk 00:49:05]} {[%emt 00:02:14]} Qe7 {[%clk 00:50:02]} {[%emt 00:05:14]}
11. Bb2 {[%clk 00:41:49]} {[%emt 00:07:25]} b6 {[%clk 00:49:37]} {[%emt
00:00:36]} 12. Re1 {[%clk 00:37:39]} {[%emt 00:04:21]} Ba6 {[%clk 00:48:11]}
{[%emt 00:01:35]} 13. Rc1 {[%clk 00:35:30]} {[%emt 00:02:19]} Na5 {[%clk
00:48:11]} {[%emt 00:00:10]} 14. Nd2 {[%clk 00:35:04]} {[%emt 00:00:36]} Rac8
{[%clk 00:45:43]} {[%emt 00:02:38]} 15. Bf1 {[%clk 00:33:04]} {[%emt 00:02:09]}
Rfd8 {[%clk 00:39:14]} {[%emt 00:06:39]} 16. g3 {[%clk 00:30:04]} {[%emt
00:03:11]} Qd7 {[%emt 00:02:19]} 17. e4 {[%clk 00:24:51]} {[%emt 00:05:10]} Rc7
{[%clk 00:34:14]} {[%emt 00:03:14]} 18. d5 {[%clk 00:23:58]} {[%emt 00:01:03]}
b5 {[%clk 00:31:28]} {[%emt 00:02:55]} 19. cxb5 {[%clk 00:23:21]} {[%emt
00:00:48]} Bxb5 {[%clk 00:31:29]} {[%emt 00:00:09]} 20. Bxb5 {[%clk 00:22:35]}
{[%emt 00:00:56]} Qxb5 {[%clk 00:31:30]} {[%emt 00:00:08]} 21. Qc2 {[%clk
00:22:38]} {[%emt 00:00:08]} Rb7 {[%clk 00:28:33]} {[%emt 00:03:06]} 22. Rb1
{[%clk 00:22:09]} {[%emt 00:00:40]} Nb3 {[%clk 00:25:21]} {[%emt 00:03:22]} 23.
c4 {[%clk 00:21:22]} {[%emt 00:00:58]} Qb6 {[%clk 00:25:13]} {[%emt 00:00:17]}
24. Bc3 {[%clk 00:18:59]} {[%emt 00:02:32]} Nxd2 {[%clk 00:24:24]} {[%emt
00:01:00]} 25. Rxb6 {[%clk 00:18:52]} {[%emt 00:00:18]} Nf3+ {[%clk 00:24:27]}
{[%emt 00:00:06]} 26. Kf1 {[%clk 00:18:39]} {[%emt 00:00:22]} Nxe1 {[%clk
00:24:30]} {[%emt 00:00:08]} 27. Bxe1 {[%clk 00:18:31]} {[%emt 00:00:17]} axb6
{[%clk 00:24:16]} {[%emt 00:00:24]} 28. f3 {[%clk 00:18:17]} {[%emt 00:00:24]}
Ra7 {[%clk 00:23:47]} {[%emt 00:00:40]} 29. Qb3 {[%clk 00:18:03]} {[%emt
00:00:24]} Nd7 {[%clk 00:23:52]} {[%emt 00:00:05]} 30. Qb5 {[%clk 00:13:47]}
{[%emt 00:04:25]} Rxa3 {[%clk 00:21:39]} {[%emt 00:02:24]} 31. Qc6 {[%clk
00:13:35]} {[%emt 00:00:22]} Nf6 {[%clk 00:20:12]} {[%emt 00:01:37]} 32. Qxb6
{[%clk 00:13:15]} {[%emt 00:00:30]} Raa8 {[%clk 00:18:40]} {[%emt 00:01:41]} 33.
Ba5 {[%clk 00:12:22]} {[%emt 00:01:03]} Ne8 {[%clk 00:18:20]} {[%emt 00:00:30]}
34. Qxd8 {[%clk 00:12:22]} {[%emt 00:00:11]} Rxd8 {[%clk 00:18:12]} {[%emt
00:00:18]} 35. Bxd8 {[%clk 00:12:29]} {[%emt 00:00:03]} f6 {[%clk 00:17:49]}
{[%emt 00:00:32]} 36. Ke2 {[%clk 00:12:30]} {[%emt 00:00:08]} Kf7 {[%clk
00:17:49]} {[%emt 00:00:11]} 37. Kd3 {[%clk 00:12:27]} {[%emt 00:00:13]} g6
{[%clk 00:17:32]} {[%emt 00:00:28]} 38. Kc3 {[%clk 00:11:47]} {[%emt 00:00:50]}
f5 {[%clk 00:17:30]} {[%emt 00:00:11]} 39. Kd3 {[%clk 00:11:08]} {[%emt
00:00:50]} Ng7 {[%clk 00:17:26]} {[%emt 00:00:14]} 40. Ke3 {[%clk 00:10:53]}
{[%emt 00:00:24]} Ke8 {[%clk 00:16:26]} 1/2-1/2

[Event "ABC 2024 Utrecht, Groep B"]
[Site "Utrecht"]
[Date "2024.03.10"]
[Round "5.3"]
[White "Roolvink, William"]
[Black "Anssems, Gyan"]
[Result "1-0"]
[WhiteElo "1977"]
[BlackElo "1798"]

1. e4 {[%clk 00:55:17]} {[%emt 00:00:03]} e5 {[%clk 00:55:14]} {[%emt
00:00:07]} 2. Nf3 {[%clk 00:55:24]} {[%emt 00:00:04]} Nf6 {[%clk 00:55:21]}
{[%emt 00:00:03]} 3. d4 {[%clk 00:55:04]} {[%emt 00:00:29]} Nxe4 {[%clk
00:54:56]} {[%emt 00:00:35]} 4. Nxe5 {[%clk 00:55:10]} {[%emt 00:00:05]} d5
{[%clk 00:54:18]} {[%emt 00:00:47]} 5. Bd3 {[%clk 00:55:18]} {[%emt 00:00:02]}
Bd6 {[%clk 00:54:16]} {[%emt 00:00:13]} 6. O-O {[%clk 00:55:25]} {[%emt
00:00:03]} O-O {[%clk 00:54:22]} {[%emt 00:00:04]} 7. c4 {[%clk 00:55:28]}
{[%emt 00:00:07]} c6 {[%clk 00:54:15]} {[%emt 00:00:16]} 8. cxd5 {[%clk
00:49:58]} {[%emt 00:05:40]} cxd5 {[%clk 00:54:16]} {[%emt 00:00:09]} 9. Nc3
{[%clk 00:50:06]} {[%emt 00:00:02]} Nxc3 {[%clk 00:44:08]} {[%emt 00:10:18]} 10.
bxc3 {[%clk 00:50:14]} {[%emt 00:00:02]} Qc7 {[%clk 00:44:11]} {[%emt
00:00:07]} 11. Qc2 {[%clk 00:46:23]} {[%emt 00:04:02]} f5 {[%clk 00:38:45]}
{[%emt 00:05:35]} 12. f4 {[%clk 00:45:28]} {[%emt 00:01:04]} Be6 {[%clk
00:36:37]} {[%emt 00:02:18]} 13. Rb1 {[%clk 00:39:56]} {[%emt 00:05:43]} Nd7
{[%clk 00:33:53]} {[%emt 00:02:55]} 14. Bd2 {[%clk 00:36:55]} {[%emt 00:03:10]}
Rac8 {[%clk 00:33:10]} {[%emt 00:00:53]} 15. Qd1 {[%clk 00:27:05]} {[%emt
00:10:00]} Nf6 {[%clk 00:31:36]} {[%emt 00:01:44]} 16. Qb3 {[%clk 00:24:43]}
{[%emt 00:02:33]} b6 {[%clk 00:30:01]} {[%emt 00:01:45]} 17. Rfc1 {[%clk
00:23:48]} {[%emt 00:01:04]} Ne4 {[%clk 00:29:01]} {[%emt 00:01:10]} 18. Be3
{[%clk 00:22:35]} {[%emt 00:01:23]} Kh8 {[%clk 00:21:52]} {[%emt 00:07:19]} 19.
a4 {[%clk 00:21:54]} {[%emt 00:00:52]} Bxe5 {[%clk 00:19:09]} {[%emt 00:02:52]}
20. fxe5 {[%clk 00:20:45]} {[%emt 00:01:20]} Bg8 {[%clk 00:17:16]} {[%emt
00:02:03]} 21. Qc2 {[%clk 00:08:15]} {[%emt 00:12:40]} Qxc3 {[%clk 00:13:45]}
{[%emt 00:03:41]} 22. Qd1 {[%clk 00:05:28]} {[%emt 00:02:56]} Qa3 {[%clk
00:13:08]} {[%emt 00:00:47]} 23. Ra1 {[%clk 00:04:27]} {[%emt 00:01:11]} Qb4
{[%clk 00:12:14]} {[%emt 00:01:02]} 24. Rcb1 {[%clk 00:03:59]} {[%emt
00:00:41]} Qe7 {[%clk 00:11:56]} {[%emt 00:00:27]} 25. Bd2 {[%clk 00:03:30]}
{[%emt 00:00:40]} Qh4 {[%clk 00:11:22]} {[%emt 00:00:43]} 26. Be1 {[%clk
00:03:30]} {[%emt 00:00:10]} Qg5 {[%clk 00:10:51]} {[%emt 00:00:40]} 27. Bxe4
{[%clk 00:03:07]} {[%emt 00:00:34]} fxe4 {[%clk 00:10:50]} {[%emt 00:00:11]} 28.
Qe2 {[%clk 00:02:27]} {[%emt 00:00:50]} Rc4 {[%clk 00:09:41]} {[%emt 00:01:19]}
29. Bd2 {[%clk 00:01:47]} {[%emt 00:00:50]} Qe7 {[%clk 00:09:09]} {[%emt
00:00:31]} 30. Be3 {[%clk 00:01:04]} {[%emt 00:01:04]} Be6 {[%clk 00:08:50]}
{[%emt 00:00:29]} 31. a5 {[%clk 00:01:06]} {[%emt 00:00:08]} Qc7 {[%clk
00:08:03]} {[%emt 00:00:57]} 32. axb6 {[%clk 00:01:11]} {[%emt 00:00:05]} axb6
{[%clk 00:08:06]} {[%emt 00:00:07]} 33. Ra6 {[%clk 00:01:00]} {[%emt 00:00:21]}
Rb8 {[%clk 00:07:24]} {[%emt 00:00:51]} 34. Qb2 {[%clk 00:00:53]} {[%emt
00:00:18]} Rc2 {[%clk 00:06:58]} {[%emt 00:00:36]} 35. Qb4 {[%clk 00:00:26]}
{[%emt 00:00:37]} Qc3 {[%clk 00:06:30]} {[%emt 00:00:37]} 36. Qxc3 {[%clk
00:00:24]} {[%emt 00:00:14]} Rxc3 {[%clk 00:06:34]} {[%emt 00:00:06]} 37. Raxb6
{[%clk 00:00:19]} {[%emt 00:00:14]} Rxb6 {[%clk 00:06:05]} {[%emt 00:00:40]} 38.
Rxb6 {[%clk 00:00:28]} Bg8 {[%clk 00:05:51]} {[%emt 00:00:23]} 39. Kf2 {[%clk
00:00:27]} {[%emt 00:00:10]} Rc2+ {[%clk 00:05:50]} {[%emt 00:00:12]} 40. Kg3
{[%clk 00:00:30]} {[%emt 00:00:08]} Re2 {[%clk 00:05:30]} {[%emt 00:00:28]} 41.
Bf4 {[%clk 00:00:15]} {[%emt 00:00:26]} h6 {[%clk 00:05:20]} {[%emt 00:00:20]}
42. e6 {[%clk 00:00:16]} {[%emt 00:00:09]} g5 {[%clk 00:05:01]} {[%emt
00:00:30]} 43. Be5+ {[%clk 00:00:21]} {[%emt 00:00:04]} Kh7 {[%clk 00:05:07]}
{[%emt 00:00:04]} 44. Rb7+ {[%clk 00:00:26]} {[%emt 00:00:05]} Kg6 {[%clk
00:05:08]} {[%emt 00:00:10]} 45. Rg7+ {[%clk 00:00:18]} {[%emt 00:00:17]} Kf5
{[%clk 00:05:17]} {[%emt 00:00:01]} 46. e7 {[%clk 00:00:19]} {[%emt 00:00:09]}
h5 {[%clk 00:04:37]} {[%emt 00:00:50]} 47. e8=Q {[%clk 00:00:15]} {[%emt
00:00:14]} h4+ {[%clk 00:04:37]} {[%emt 00:00:10]} 48. Kh3 {[%clk 00:00:22]}
{[%emt 00:00:02]} Re3+ {[%clk 00:04:39]} {[%emt 00:00:09]} 49. g3 {[%clk
00:00:26]} {[%emt 00:00:06]} 1-0